<?xml version="1.0" encoding="UTF-8"?><?xml-stylesheet type="text/xsl" href="static/style.xsl"?><OAI-PMH xmlns="http://www.openarchives.org/OAI/2.0/" xmlns:xsi="http://www.w3.org/2001/XMLSchema-instance" xsi:schemaLocation="http://www.openarchives.org/OAI/2.0/ http://www.openarchives.org/OAI/2.0/OAI-PMH.xsd"><responseDate>2026-06-01T19:54:20Z</responseDate><request verb="GetRecord" identifier="oai:riuma.uma.es:10630/45403" metadataPrefix="marc">https://riuma.uma.es/rest/oai/request</request><GetRecord><record><header><identifier>oai:riuma.uma.es:10630/45403</identifier><datestamp>2026-02-13T00:47:24Z</datestamp><setSpec>com_10630_2254</setSpec><setSpec>col_10630_37953</setSpec></header><metadata><record xmlns="http://www.loc.gov/MARC21/slim" xmlns:dcterms="http://purl.org/dc/terms/" xmlns:doc="http://www.lyncode.com/xoai" xmlns:xsi="http://www.w3.org/2001/XMLSchema-instance" xsi:schemaLocation="http://www.loc.gov/MARC21/slim http://www.loc.gov/standards/marcxml/schema/MARC21slim.xsd">
   <leader>00925njm 22002777a 4500</leader>
   <datafield ind2=" " ind1=" " tag="042">
      <subfield code="a">dc</subfield>
   </datafield>
   <datafield ind2=" " ind1=" " tag="720">
      <subfield code="a">Cano-Ballesteros, Sara</subfield>
      <subfield code="e">author</subfield>
   </datafield>
   <datafield ind2=" " ind1=" " tag="720">
      <subfield code="a">Marín-Sedeño, Ernesto</subfield>
      <subfield code="e">author</subfield>
   </datafield>
   <datafield ind2=" " ind1=" " tag="720">
      <subfield code="a">Palmquist-Gomes, Paul</subfield>
      <subfield code="e">author</subfield>
   </datafield>
   <datafield ind2=" " ind1=" " tag="720">
      <subfield code="a">Guadix-Domínguez, Juan Antonio</subfield>
      <subfield code="e">author</subfield>
   </datafield>
   <datafield ind2=" " ind1=" " tag="720">
      <subfield code="a">Pérez-Pomares, José María</subfield>
      <subfield code="e">author</subfield>
   </datafield>
   <datafield ind2=" " ind1=" " tag="260">
      <subfield code="c">2020-09-13</subfield>
   </datafield>
   <datafield ind2=" " ind1=" " tag="520">
      <subfield code="a">Fsp1 (a.k.a S100A4 or Metastatin) is an intracellular and secreted protein widely regarded as a fibroblast marker. Recent studies have nonetheless shown that Fsp1 is also expressed by other cell types, including small subsets of endothelial cells. Since no detailed and systematic description of Fsp1 spatio-temporal expression pattern in cardiac vascular cells is available in the literature, we have used a transgenic murine line (Fsp1-GFP) to study Fsp1 expression in the developing and postnatal cardiac vasculature and endocardium. Our work shows that Fsp1 is expressed in the endocardium and mesenchyme of atrioventricular valve primordia, as well as in some coronary venous and lymphatic endothelial cells. Fsp1 expression in cardiac venous and lymphatic endothelium is progressively restricted to the leaflets of cardiac venous and lymphatic valves. Our results suggest that Fsp1 could play a role in the development of atrioventricular valves and participate in the patterning and morphogenesis of cardiac venous and lymphatic vessel valves.</subfield>
   </datafield>
   <datafield ind1="8" ind2=" " tag="024">
      <subfield code="a">Cano-Ballesteros S, Palmquist-Gomes P, Marín-Sedeño E, Guadix JA, Pérez-Pomares JM. Fsp1 cardiac embryonic expression delineates atrioventricular endocardial cushion, coronary venous and lymphatic valve development. J Anat. 2021 Feb;238(2):508-514. doi: 10.1111/joa.13306. Epub 2020 Sep 13. PMID: 32920869; PMCID: PMC7812130.</subfield>
   </datafield>
   <datafield ind1="8" ind2=" " tag="024">
      <subfield code="a">https://hdl.handle.net/10630/45403</subfield>
   </datafield>
   <datafield ind1="8" ind2=" " tag="024">
      <subfield code="a">10.1111/joa.13306</subfield>
   </datafield>
   <datafield tag="653" ind2=" " ind1=" ">
      <subfield code="a">Sistema cardiovascular</subfield>
   </datafield>
   <datafield tag="653" ind2=" " ind1=" ">
      <subfield code="a">Endotelio</subfield>
   </datafield>
   <datafield ind2="0" ind1="0" tag="245">
      <subfield code="a">Fsp1 cardiac embryonic expression delineates atrioventricular endocardial cushion, coronary venous and lymphatic valve development</subfield>
   </datafield>
</record>
</metadata></record></GetRecord></OAI-PMH>